[Event "23rd ETCC Open 2021"]
[Site "Catez"]
[Date "2021.11.14"]
[Round "3.33"]
[White "Hillarp Persson, Tiger"]
[Black "Indjic, Aleksandar"]
[Result "0-1"]
[WhiteElo "2528"]
[BlackElo "2612"]
[Annotator "TA"]
[PlyCount "99"]
[EventDate "2021.11.08"]
[EventType "team-tourn"]
[EventCountry "SLO"]
[SourceTitle "playchess.com"]
[Source "ChessBase"]
[SourceQuality "1"]
[WhiteTeam "Sweden"]
[BlackTeam "Serbia"]
[WhiteTeamCountry "SWE"]
[BlackTeamCountry "SRB"]

{[%evp 12,99,0,-16,29,21,41,43,20,29,19,21,45,37,47,23,33,22,56,0,0,0,0,0,0,0,
0,0,54,-18,0,-2,0,2,0,6,54,30,80,66,81,0,0,0,56,0,107,107,117,85,72,18,17,-16,
-16,-16,-16,-16,-16,-20,-26,-79,-78,-79,-67,-71,-60,-58,-47,-82,-72,-71,-71,
-87,-105,-93,-75,-199,-200,-214,-199,-304,-304,-473,-473,-466,-358,-1082,-961,
-607]} 1. d4 d5 2. c4 e6 3. Nf3 Nf6 4. g3 Bb4+ 5. Nc3 O-O 6. Bg2 dxc4 7. O-O
Bd7 {E20: Nimzo-Indian: 4 g3 and 4 f3.} 8. Ne5 Bc6 9. e4 Bxc3 {White is
slightly better.} 10. Nxc6 Nxc6 11. bxc3 e5 {[%cal Re5d4]} 12. d5 {[%mdl 1024]
White has compensation.} Ne7 {[#]} 13. Qa4 $146 ({Predecessor:} 13. f4 Nd7 14.
Ba3 Re8 15. Qf3 c6 16. Bd6 Ng6 17. Rad1 cxd5 18. Rxd5 Nf6 19. fxe5 Nxd5 20.
Qxf7+ {0-1 (25) Radovanovic,M (2483)-Skuhala,J (2276) Koper 2019}) 13... c6 14.
Rd1 {Threatening dxc6.} b5 15. Qa3 (15. Qa6 $14) 15... h6 $11 {[%cal Rc6d5]}
16. Be3 {Bc5 is the strong threat.} cxd5 17. exd5 {Threatens to win with Bc5.}
Nf5 ({Avoid the trap} 17... Nexd5 $2 18. Bxd5 Nxd5 19. Qc5 $18) 18. Bc5 Re8 19.
Qa6 Nd7 ({Black should play} 19... e4 $11) 20. Qxb5 (20. Bb4 $1 $14) 20... Rb8
21. Qc6 ({But not} 21. Qxc4 Qc8 $17) 21... Nxc5 22. Qxc5 {[%mdl 64] Black
should prevent d6. Double Attack} Nd6 23. Qxa7 e4 (23... Ra8 $5 {[%cal Ra8a7]}
24. Qc5 Ra5 $11) 24. a4 Rb2 25. Rab1 Rc2 26. Rbc1 (26. Rdc1 $16 Rd2 27. a5)
26... Ra2 27. Ra1 Rc2 (27... Rb2 $11) 28. Rac1 (28. Rdc1 $14 Rb2 29. a5) 28...
Rxc1 (28... Ra2 $11) 29. Rxc1 $16 Qg5 30. Rd1 Qh5 31. Rd2 (31. Qd4 $16) 31...
Qe5 $11 32. Qd4 Qxd4 33. Rxd4 {[%mdl 4096] Endgame KRB-KRN} Ra8 34. Bxe4 {
And now Bc2 would win.} Rxa4 35. Kf1 Ra3 36. Bc2 (36. Bf3 $11 {remains equal.})
36... Rxc3 $17 37. Rd2 Kf8 38. Re2 Ra3 39. Ke1 Ra5 40. Re5 f6 41. Re3 Rxd5 42.
Bg6 Re5 43. Kd2 {[#]} Ke7 $1 44. f4 {Loses the game.} (44. Ra3 $17) 44... Rxe3
$19 45. Kxe3 {[#] KB-KN} Nb5 46. g4 (46. Ke4 $142) 46... Kd6 47. h4 (47. g5 {
is a better defense.}) 47... Kc5 48. g5 Nd6 49. Bb1 $2 (49. Bc2) 49... Kb4 50.
Kd4 {Weighted Error Value: White=0.36/Black=0.17} 0-1

[Event "23rd ETCC Open 2021"]
[Site "Catez"]
[Date "2021.11.14"]
[Round "3.34"]
[White "Ivic, Velimir"]
[Black "Blomqvist, Erik"]
[Result "1/2-1/2"]
[WhiteElo "2620"]
[BlackElo "2542"]
[Annotator "TA"]
[PlyCount "123"]
[EventDate "2021.11.08"]
[EventType "team-tourn"]
[EventCountry "SLO"]
[SourceTitle "playchess.com"]
[Source "ChessBase"]
[SourceQuality "1"]
[WhiteTeam "Serbia"]
[BlackTeam "Sweden"]
[WhiteTeamCountry "SRB"]
[BlackTeamCountry "SWE"]

{[%evp 25,122,54,44,60,60,60,67,59,69,82,76,58,54,54,59,62,60,66,63,63,64,60,
60,60,63,63,63,47,62,46,61,61,90,89,114,73,80,89,84,78,71,75,89,89,82,65,65,65,
65,65,72,55,65,64,65,0,65,65,65,65,65,65,61,40,40,40,41,41,68,68,68,68,68,68,
68,68,68,68,68,75,316,316,316,316,314,316,316,292,292,292,292,292,292,292,292,
292,292,292,292]} 1. e4 c5 2. Nf3 d6 3. d4 cxd4 4. Nxd4 Nf6 5. Nc3 g6 6. Be3
Bg7 7. f3 O-O 8. Qd2 Nc6 9. O-O-O d5 10. exd5 Nxd5 11. Nxc6 bxc6 12. Bd4 e5 13.
Bc5 Re8 14. Ne4 {B76: Sicilian Dragon: Yugoslav Attack, 9 g4 and 9 0-0-0.} Qc7
{14...Be6 is vanishing.} 15. h4 f5 16. Nd6 {White is slightly better.} Rd8 17.
Nxc8 Raxc8 18. h5 Nb6 $1 19. Bxb6 Rxd2 20. Bc4+ Kf8 21. Bxc7 Rxd1+ 22. Rxd1
Rxc7 23. hxg6 $14 {[%mdl 4096] Endgame KRB-KRB} Bh6+ 24. Kb1 hxg6 25. Rd6 Kg7 {
[#]} 26. c3 $5 $146 {[%mdl 8] An interesting novelty.} ({Predecessor:} 26. b4
Bf4 27. Re6 Rb7 28. a3 a5 29. Kb2 axb4 30. a4 Ra7 31. Kb3 c5 32. Bb5 {1-0 (59)
Swiercz,D (2647)-Naroditsky,D (2623) Saint Louis 2021}) 26... Bf4 27. Re6 Rd7
28. a4 {[%cal Ba2a4,Ba4a5][%mdl 32]} c5 29. a5 g5 30. Re8 g4 31. fxg4 fxg4 32.
Rg8+ Kf6 33. Rxg4 Rg7 34. Rxg7 Kxg7 $16 {KB-KB} 35. Bd5 Kf6 36. Kc2 Kf5 37. Kd3
Bc1 38. b3 Bb2 39. Kc2 Ba1 40. Kd3 Bb2 41. Kc4 e4 42. b4 cxb4 43. Kxb4 Ke5 44.
Bb7 Bc1 45. Kb5 Bg5 46. c4 e3 47. Bf3 Kd6 48. c5+ Kc7 49. a6 Bh6 50. Kc4 Kd7
51. Kd5 Kc7 52. Ke5 {[#] And now g4 would win.} Kd7 $2 {A mistake that costs
the game.} (52... Bf8 $16 {was necessary.}) 53. g4 $18 {White has a decisive
advantage.} Kc7 54. Kf6 e2 55. Bxe2 Kc6 56. g5 Bxg5+ 57. Kxg5 {Kf6 would kill
now.} Kxc5 {KB-KP} 58. Kf6 {White threatens Ke7 and mate.} Kd6 59. Bg4 Kc7 60.
Ke7 Kb8 {[#]} 61. Kd8 {[%cal Rd8d7]} Ka8 62. Kc7 {Weighted Error Value:
White=0.05/Black=0.13} 1/2-1/2

[Event "23rd ETCC Open 2021"]
[Site "Catez"]
[Date "2021.11.14"]
[Round "3.35"]
[White "Johansson, Linus"]
[Black "Ivanisevic, Ivan"]
[Result "1/2-1/2"]
[WhiteElo "2479"]
[BlackElo "2604"]
[Annotator "TA"]
[PlyCount "103"]
[EventDate "2021.11.08"]
[EventType "team-tourn"]
[EventCountry "SLO"]
[SourceTitle "playchess.com"]
[Source "ChessBase"]
[SourceQuality "1"]
[WhiteTeam "Sweden"]
[BlackTeam "Serbia"]
[WhiteTeamCountry "SWE"]
[BlackTeamCountry "SRB"]

{[%evp 13,103,10,11,11,12,1,12,10,29,43,37,-4,0,-15,10,-27,-33,-23,-24,-75,-35,
-49,-12,-61,-42,-95,-84,-119,-114,-110,-2,-72,-51,-54,-46,-40,-33,-58,-38,-39,
-47,-48,0,0,54,64,58,27,17,10,108,108,108,108,137,144,248,238,244,244,236,236,
236,236,236,236,236,236,316,316,316,316,316,316,316,316,316,316,316,316,316,
316,316,289,316,316,316,316,316,0,316,0]} 1. d4 Nf6 2. c4 e6 3. Nf3 d5 4. Nc3
c6 5. e3 Nbd7 6. Be2 dxc4 7. a4 Bb4 8. Bxc4 {D45: Semi-Slav: 5 e3.} O-O 9. O-O
b6 $5 {[%mdl 4] Exploring less charted territory.} 10. Qe2 {The position is
equal.} Bb7 11. e4 c5 {[#]} 12. d5 $146 ({Predecessor:} 12. e5 Nd5 13. Bg5 Nxc3
14. bxc3 Bxf3 15. Qe3 cxd4 16. cxd4 Qc8 17. Rac1 Bc6 18. Bb5 {1-0 (26) Molenda,
M (2362)-Jankowiak,T (2133) Chorzow 2021}) 12... exd5 13. Nxd5 Nxd5 (13... h6 {
is interesting.} 14. Nxb4 cxb4 15. e5 Re8 16. Rd1 Qc7) 14. Bxd5 (14. exd5 {
with more complications.} Re8 15. Qd3 h6 16. Bf4 Qf6 17. Bg3) 14... Bxd5 15.
exd5 Re8 16. Qc2 (16. Qa6 $11) 16... Nf6 17. Rd1 Qd7 18. Bg5 Ne4 ({But not} 
18... Nxd5 $2 19. Qb3 $18) 19. Bf4 ({Better is} 19. h3 $15) 19... Qf5 $17 20.
Bc7 Rac8 21. Nh4 Qd7 (21... Qf6 $17 22. d6 {[#]} Nxd6 $1 23. Bxd6 Qxh4) 22. Bg3
(22. d6 $1 $11) 22... c4 23. Rd4 $1 {[%cal Rd4e4]} Nxg3 24. hxg3 Bc5 25. Rd2 g6
26. Rad1 a6 27. Nf3 Qd6 28. Ng5 Qe5 {[#]} (28... Qe7 $11 29. Nf3 Qd6) 29. d6 $1
$14 {Nf3 is the strong threat.} Rcd8 30. Nf3 $36 {[%mdl 2048] White fights for
an advantage.} Qe6 {[%cal Rd8d6]} 31. Re1 Qxe1+ (31... Qd7 $1 $11) 32. Nxe1 $16
Rxe1+ 33. Kh2 Bxd6 34. Qxc4 {Threatens to win with Rxd6!} h5 ({Wrong is} 34...
Bxg3+ $2 35. Kxg3 Rxd2 36. Qc8+ Kg7 37. Qc3+ Kg8 38. Qxd2 $18) (34... b5 $16
35. axb5 axb5) 35. f4 ({Less strong is} 35. Qxa6 Bxg3+ 36. Kxg3 Rxd2 $11) 35...
a5 36. Qc6 Be7 37. Rxd8+ Bxd8 $18 {[%mdl 4096] Endgame KQ-KRB} 38. Qd6 Be7 39.
Qxb6 Bb4 40. f5 gxf5 41. Qd8+ Kg7 42. Qg5+ {[%mdl 64] Double Attack} Kf8 43.
Qxf5 Kg7 44. Qg5+ Kf8 45. Qxh5 Kg7 46. Qg5+ Kf8 47. Qf5 Kg7 48. g4 Re6 49. g5
Kg8 50. Qd5 Kg7 51. Qf5 Kg8 $1 52. Qd5 $2 {Weighted Error Value: White=0.18/
Black=0.17} (52. Kg3 $18) 1/2-1/2

[Event "23rd ETCC Open 2021"]
[Site "Catez"]
[Date "2021.11.14"]
[Round "3.36"]
[White "Markus, Robert"]
[Black "Seo, Jung Min"]
[Result "1/2-1/2"]
[WhiteElo "2609"]
[BlackElo "2455"]
[Annotator "TA"]
[PlyCount "62"]
[EventDate "2021.11.08"]
[EventType "team-tourn"]
[EventCountry "SLO"]
[SourceTitle "playchess.com"]
[Source "ChessBase"]
[SourceQuality "1"]
[WhiteTeam "Serbia"]
[BlackTeam "Sweden"]
[WhiteTeamCountry "SRB"]
[BlackTeamCountry "SWE"]

{[%evp 20,62,0,0,0,0,0,0,10,-6,-8,-6,-7,-19,-1,-4,0,0,0,0,0,0,0,0,0,0,0,0,0,0,
0,0,0,0,0,0,0,0,0,0,0,0,0,0,0]} 1. d4 Nf6 2. c4 e6 3. Nf3 d5 4. g3 Be7 5. Bg2
O-O 6. O-O dxc4 7. Qa4 a6 8. Qxc4 b5 9. Qc2 Bb7 10. Bd2 Be4 11. Qc1 {The
position is equal.} c6 {Nowadays more popular than 11...Bb7. E05: Open Catalan:
5 Nf3 Be7.} 12. Be3 Nbd7 13. Nc3 Bg6 14. Bg5 {[#]} h6 $146 ({Predecessor:} 
14... Rc8 15. Rd1 Qb6 16. Ne5 Nxe5 17. dxe5 Ng4 18. Rf1 f6 19. exf6 gxf6 20.
Bd2 b4 {0-1 (53) Stefansson,H (2602)-Vocaturo,D (2588) Reykjavik 2015}) 15.
Bxf6 Bxf6 16. Rd1 Rc8 17. Qe3 Qb6 18. Ne4 Bxe4 19. Qxe4 c5 20. Ne5 Rc7 21. Nxd7
Rxd7 22. dxc5 Rxd1+ 23. Rxd1 Qxc5 24. b3 a5 25. h4 h5 (25... b4 {keeps more
tension.} 26. Rd7 g6 27. Bf3 h5 28. Qd3 Re8) 26. e3 Rd8 27. Rxd8+ Bxd8 28. Qb7
b4 29. Bf1 g6 30. Bc4 Qe7 31. Qxe7 Bxe7 {Not much happened in this game. 
Weighted Error Value: White=0.01/Black=0.01} 1/2-1/2

[Event "23rd ETCC Open 2021"]
[Site "Catez"]
[Date "2021.11.14"]
[Round "3.37"]
[White "Mastrovasilis, Dimitrios"]
[Black "Yilmaz, Mustafa"]
[Result "1/2-1/2"]
[WhiteElo "2619"]
[BlackElo "2626"]
[Annotator "TA"]
[PlyCount "119"]
[EventDate "2021.11.08"]
[EventType "team-tourn"]
[EventCountry "SLO"]
[SourceTitle "playchess.com"]
[Source "ChessBase"]
[SourceQuality "1"]
[WhiteTeam "Greece"]
[BlackTeam "Turkey"]
[WhiteTeamCountry "GRE"]
[BlackTeamCountry "TUR"]

{[%evp 13,119,20,27,14,14,13,25,34,24,22,14,13,14,14,16,17,31,37,36,31,34,34,
35,34,27,31,31,28,29,35,33,17,108,109,110,102,112,110,115,128,194,186,180,189,
179,188,354,353,353,329,344,347,279,176,183,187,155,162,229,243,276,250,243,
239,250,246,279,8,8,8,9,8,8,8,8,0,0,0,0,0,0,0,0,0,0,0,0,-68,-68,-68,-68,-72,
-64,-63,-59,-67,-43,-37,-8,-8,-8,-26,-26,-26,-26,-26,-26,-26]} 1. e4 c5 2. Nf3
d6 3. d4 cxd4 4. Nxd4 Nf6 5. Nc3 a6 6. Be3 e5 7. Nb3 Be6 8. h3 {B90: Sicilian
Najdorf: Unusual White 6th moves, 6 Be3 Ng4 and 6 Be3 e5.} Be7 9. f4 Nc6 {
[%cal Bb8c6,Bc6b4,Bb4c2,Bc2e3][%mdl 32]} 10. f5 {White has an edge.} Bxb3 11.
axb3 Nb4 12. g3 d5 13. exd5 Qc7 14. d6 {[%mdl 64] Decoy} Bxd6 {[#]} 15. Nb5 $1
{[%cal Rb5c7]} Nxc2+ {[%mdl 64] Double Attack} 16. Ke2 Qc6 {[%mdl 64] Double
Attack} 17. Nxd6+ Ke7 $1 {[#]} 18. Rc1 $5 {[%cal Rc1c2][%mdl 4] An interesting
side line.} Nxe3 19. Rxc6 Nxd1 20. Nxb7 Rhb8 $1 {[%cal Rb8b7]} 21. Rc7+ Kf8 22.
Bg2 {[#]} e4 $146 ({Predecessor:} 22... Nxb2 23. Nd6 e4 24. Rhc1 Rd8 25. Nxf7
Rd3 26. Ng5 Rxg3 27. Ne6+ Kg8 28. Rc8+ Rxc8 29. Rxc8+ Kf7 30. Rc7+ Kg8 31. Rc8+
{1/2-1/2 (31) Stukopin,A (2580)-Dragun,K (2591) Saint Louis 2018}) 23. Rxd1 $16
Ra7 {[#]} 24. Bxe4 $1 {[%mdl 64] Deflection} Nxe4 (24... Re8 25. Kf3) 25. Rdd7
$36 {[%mdl 2048] White is on the roll.} Nxg3+ 26. Kf3 $1 Nh5 (26... Nxf5 $16
27. Rxf7+ {[%mdl 64] Double Attack} Kg8) 27. Rxf7+ $18 Kg8 28. b4 $1 Raa8 29.
Kg4 $1 {[%cal Rg4h5]} Nf6+ (29... g6 {is a better defense.} 30. Kg5 Rf8) 30.
Kg5 Ne8 31. Rce7 Ra7 32. h4 Rc8 33. Nc5 Rxe7 34. Rxe7 {[%mdl 4096] Endgame
KRN-KRN} Nd6 35. Re6 ({Resist} 35. Nxa6 $6 Rf8 $14) 35... Nf7+ (35... Rd8 {
keeps fighting.} 36. Nxa6 Nb5) 36. Kf4 h5 37. Nxa6 Rc4+ 38. Re4 Rc2 {[#]} 39.
b5 $1 Rf2+ {[#]} 40. Ke3 $2 (40. Kg3 $1 $18 {[%cal Rg3f2]} Rxb2 41. Rb4 Rxb4
42. Nxb4) 40... Rxb2 $11 41. Re8+ Kh7 42. Nc7 {And now Rf8 would win.} Nd6 {
[%mdl 64] Double Attack} 43. Rf8 {Ne6 is the strong threat.} Rb4 44. Ne6 {
Ng5+ would kill now.} (44. Kd3 {is more complex.} Rxh4 45. f6 g5 46. b6 Rb4 47.
Nd5) 44... g6 $1 45. Ng5+ Kg7 $1 {[%cal Rg7f8]} 46. Ne6+ Kh7 47. fxg6+ (47. Kd3
{seems wilder.} Nxf5 48. Ng5+ Kh6 49. Ne6 Kh7) 47... Kxg6 48. Nf4+ Kg7 49. Ne6+
Kg6 50. Rd8 ({White should play} 50. Kf3 $11) 50... Re4+ $15 {[%mdl 64] Double
Attack} ({Much weaker is} 50... Nxb5 51. Nf4+ Kf5 52. Rd5+ Kg4 53. Nxh5 $11 (
53. Rxh5 Nd6 $11)) 51. Kd3 Rxe6 {KRN-KR} 52. Rg8+ Kf7 53. Rg5 Rh6 54. b6 Ke6
55. Kd4 Rh8 (55... Kd7 $5 {[%cal Rd7c6]} 56. Rc5 Rh8 $11) 56. Rg6+ Kd7 {
Hoping for ...Ra8.} 57. Ke5 Re8+ {Black has an edge.} 58. Kd5 Nf5 59. Rg5 Nxh4
60. Rxh5 {Blacks defense is rewarded with a draw.  Weighted Error Value:
White=0.15/Black=0.14} 1/2-1/2

[Event "23rd ETCC Open 2021"]
[Site "Catez"]
[Date "2021.11.14"]
[Round "3.38"]
[White "Dastan, Muhammed Batuhan"]
[Black "Banikas, Hristos"]
[Result "1/2-1/2"]
[WhiteElo "2572"]
[BlackElo "2592"]
[Annotator "ChessBase"]
[PlyCount "66"]
[EventDate "2021.11.08"]
[EventType "team-tourn"]
[EventCountry "SLO"]
[SourceTitle "playchess.com"]
[Source "ChessBase"]
[SourceQuality "1"]
[WhiteTeam "Turkey"]
[BlackTeam "Greece"]
[WhiteTeamCountry "TUR"]
[BlackTeamCountry "GRE"]
[TimeControl "40/5400+30:1800+30"]

1. e4 c5 2. Nf3 d6 3. d4 cxd4 4. Nxd4 Nf6 5. Nc3 a6 6. Rg1 e5 7. Nb3 Be6 8. g4
d5 9. exd5 Nxd5 10. Bg5 f6 11. Nxd5 Qxd5 12. Qxd5 Bxd5 13. Be3 Nc6 14. O-O-O
O-O-O 15. Bb6 Rd6 16. Rg3 Be6 17. Nc5 Rxd1+ 18. Kxd1 Bxc5 19. Bxc5 Rd8+ 20. Kc1
h6 21. h3 Kd7 22. Bb6 Rc8 23. Rd3+ Ke8 24. Rc3 Nb4 25. Rxc8+ Bxc8 26. Bc4 h5
27. gxh5 Bxh3 28. f3 Nc6 29. Bd5 Kd7 30. Bc5 Be6 31. Be4 f5 32. Bxc6+ Kxc6 33.
Bf8 Bf7 1/2-1/2

[Event "23rd ETCC Open 2021"]
[Site "Catez"]
[Date "2021.11.14"]
[Round "3.39"]
[White "Pavlidis, Antonios"]
[Black "Can, Emre"]
[Result "1/2-1/2"]
[WhiteElo "2536"]
[BlackElo "2570"]
[Annotator "ChessBase"]
[PlyCount "74"]
[EventDate "2021.11.08"]
[EventType "team-tourn"]
[EventCountry "SLO"]
[SourceTitle "playchess.com"]
[Source "ChessBase"]
[SourceQuality "1"]
[WhiteTeam "Greece"]
[BlackTeam "Turkey"]
[WhiteTeamCountry "GRE"]
[BlackTeamCountry "TUR"]
[TimeControl "40/5400+30:1800+30"]

1. e4 d6 2. d4 Nf6 3. Nc3 e5 4. Nf3 Nbd7 5. Rg1 h5 6. Bc4 Be7 7. a4 c6 8. Qe2
O-O 9. dxe5 dxe5 10. Bd2 Qc7 11. Ng5 Nc5 12. h3 Bd7 13. g4 h4 14. Nxf7 Rxf7 15.
g5 Be6 16. gxf6 Bxf6 17. Be3 Bxc4 18. Qxc4 Nd7 19. O-O-O Nf8 20. Rg4 Qc8 21. a5
Qe6 22. Qxe6 Nxe6 23. Na4 Be7 24. Rd7 Bb4 25. Rxf7 Kxf7 26. Rxh4 Bxa5 27. Nc5
Bd8 28. Rg4 Nxc5 29. Bxc5 Bf6 30. Rg3 b6 31. Be3 Rh8 32. Kd2 Ke6 33. Bg5 a5 34.
Bxf6 gxf6 35. Rc3 Kd6 36. Rf3 Ke6 37. Rc3 Kd6 1/2-1/2

[Event "23rd ETCC Open 2021"]
[Site "Catez"]
[Date "2021.11.14"]
[Round "3.40"]
[White "Sanal, Vahap"]
[Black "Kourkoulos-Arditis, Stamatis"]
[Result "1-0"]
[WhiteElo "2590"]
[BlackElo "2524"]
[Annotator "ChessBase"]
[PlyCount "81"]
[EventDate "2021.11.08"]
[EventType "team-tourn"]
[EventCountry "SLO"]
[SourceTitle "playchess.com"]
[Source "ChessBase"]
[SourceQuality "1"]
[WhiteTeam "Turkey"]
[BlackTeam "Greece"]
[WhiteTeamCountry "TUR"]
[BlackTeamCountry "GRE"]
[TimeControl "40/5400+30:1800+30"]

1. e4 e5 2. Nf3 Nc6 3. Bb5 a6 4. Ba4 Nf6 5. d3 b5 6. Bb3 Bc5 7. Bg5 h6 8. Bh4
g5 9. Bg3 d6 10. a4 Bg4 11. c3 Rb8 12. axb5 axb5 13. h3 Bh5 14. Nbd2 O-O 15. h4
Bg4 16. hxg5 hxg5 17. Qc2 Nh5 18. d4 Bb6 19. Bh4 gxh4 20. Rxh4 Nf6 21. Qc1 Re8
22. Nf1 Kf8 23. Qh6+ Ke7 24. Qg7 Be6 25. Bxe6 Kxe6 26. d5+ Kd7 27. Rh6 Ne7 28.
Rxf6 Kc8 29. Rxf7 Kb7 30. Qg5 b4 31. N1d2 Ra8 32. Rxa8 Qxa8 33. Rxe7 Rh8 34.
Nh4 Qa6 35. Rf7 Qd3 36. Rf3 Qc2 37. cxb4 Qxb2 38. Ke2 Qc1 39. Rb3 Bxf2 40. Kxf2
Rxh4 41. Rb1 1-0

[Event "23rd ETCC Open 2021"]
[Site "Catez"]
[Date "2021.11.14"]
[Round "3.41"]
[White "Andersen, Mads"]
[Black "Pechac, Jergus"]
[Result "0-1"]
[WhiteElo "2575"]
[BlackElo "2562"]
[Annotator "ChessBase"]
[PlyCount "72"]
[EventDate "2021.11.08"]
[EventType "team-tourn"]
[EventCountry "SLO"]
[SourceTitle "playchess.com"]
[Source "ChessBase"]
[SourceQuality "1"]
[WhiteTeam "Denmark"]
[BlackTeam "Slovakia"]
[WhiteTeamCountry "DEN"]
[BlackTeamCountry "SVK"]
[TimeControl "40/5400+30:1800+30"]

1. Nf3 d5 2. e3 c5 3. b3 Nc6 4. Bb2 e6 5. Bb5 Nge7 6. c4 a6 7. cxd5 exd5 8. Bd3
Nb4 9. Bc2 Bg4 10. a3 Nxc2+ 11. Qxc2 Rc8 12. Qd1 Qb6 13. Nc3 d4 14. Ne4 Nc6 15.
exd4 Nxd4 16. Bxd4 cxd4 17. O-O Be7 18. Re1 O-O 19. b4 h6 20. Qb3 a5 21. Rab1
axb4 22. axb4 Be6 23. Qb2 Rfd8 24. Nc5 Bf5 25. Rxe7 Bxb1 26. Rxb7 Qg6 27. Ne5
Re8 28. Qxd4 Rxe5 29. Qxe5 Be4 30. f3 Bxf3 31. g3 Qb1+ 32. Kf2 Bxb7 33. Nxb7
Qxb4 34. Qd5 Qb6+ 35. Kf3 Rc6 36. Nd8 Rf6+ 0-1

[Event "23rd ETCC Open 2021"]
[Site "Catez"]
[Date "2021.11.14"]
[Round "3.42"]
[White "Druska, Juraj"]
[Black "Thybo, Jesper Sondergaard"]
[Result "1-0"]
[WhiteElo "2508"]
[BlackElo "2604"]
[Annotator "TA"]
[PlyCount "81"]
[EventDate "2021.11.08"]
[EventType "team-tourn"]
[EventCountry "SLO"]
[SourceTitle "playchess.com"]
[Source "ChessBase"]
[SourceQuality "1"]
[WhiteTeam "Slovakia"]
[BlackTeam "Denmark"]
[WhiteTeamCountry "SVK"]
[BlackTeamCountry "DEN"]

{[%evp 9,81,11,14,8,11,3,15,11,11,8,19,10,10,8,10,8,8,6,8,6,7,0,0,0,0,0,0,0,0,
0,0,0,7,0,0,0,0,0,0,0,3,-27,38,14,24,8,8,8,8,8,8,8,8,8,8,8,363,232,308,308,304,
302,298,293,429,429,424,424,566,565,557,445,555,544]} 1. e4 c6 2. Nf3 d5 3. d3
g6 4. Nbd2 {[%cal Bb1d2,Bd2c4,Bc4e5][%mdl 32]} Bg7 5. d4 {[#]} c5 $146 ({
Predecessor:} 5... Nh6 6. h3 O-O 7. c3 Nd7 8. Bd3 e6 9. O-O f6 10. Re1 Nf7 11.
a4 a5 12. b4 axb4 13. cxb4 dxe4 14. Nxe4 {0-1 (46) Pulpan,J (2617)-Fedoseev,V 
(2913) Chess.com INT 2019}) 6. exd5 {B10: Caro-Kann: 2 d3 and 2 c4.} cxd4 7.
Bb5+ Nd7 8. Nc4 {The position is equal.} Ngf6 9. Qxd4 O-O 10. O-O a6 11. Bxd7
Nxd7 12. Nce5 b5 13. b3 Bb7 14. c4 $1 e6 15. Bf4 exd5 $1 16. c5 g5 $1 {[%cal
Rg5f4]} 17. c6 Bxc6 18. Qd2 Nxe5 19. Bxe5 f6 20. Bd4 Rf7 21. Rac1 Rc8 22. Ne1
Bd7 23. Nc2 Bf5 24. Ne3 Be4 25. h4 h6 (25... gxh4 $11 26. f3 Bg6) 26. hxg5 (26.
h5 {with more complications.} Rxc1 27. Rxc1 Rc7 28. f3 Bh7 29. a4) 26... hxg5
27. Qb2 Rxc1 28. Rxc1 Rc7 29. Rxc7 Qxc7 30. f3 Bg6 31. Nxd5 {[%mdl 64] [#]
Double Attack} Qg3 32. Qc3 {Hoping for Qc8+.} b4 $2 {[%mdl 8192] A mistake
that costs the game.} (32... Qd6 $1 $11 {and Black has nothing to worry.} 33.
Bxf6 (33. Nxf6+ $2 Kf7 $17) 33... Qxd5 34. Bxg7 b4) 33. Qxb4 {And now Qe7
would win.} g4 34. Bf2 ({Weaker is} 34. Nxf6+ Bxf6 35. Bxf6 gxf3 $11) 34... Qe5
35. Ne7+ {[%mdl 64] [#] Double Attack} ({Much less strong is} 35. Qxg4 $6 Bf7
$18) 35... Kh7 {next ...g3 is good for Black.} 36. Nxg6 ({Less strong is} 36.
fxg4 Bb1 $16) 36... Qa1+ (36... Kxg6 $142 37. Qxg4+ Kh6) 37. Kh2 $18 {White is
clearly winning.} Kxg6 38. Qxg4+ Kh7 39. Qf5+ Kg8 40. Qc8+ Kh7 41. Qxa6 {
Weighted Error Value: White=0.12/Black=0.34} 1-0

[Event "23rd ETCC Open 2021"]
[Site "Catez"]
[Date "2021.11.14"]
[Round "3.43"]
[White "Bjerre, Jonas Buhl"]
[Black "Petenyi, Tamas"]
[Result "1-0"]
[WhiteElo "2569"]
[BlackElo "2458"]
[Annotator "ChessBase"]
[PlyCount "99"]
[EventDate "2021.11.08"]
[EventType "team-tourn"]
[EventCountry "SLO"]
[SourceTitle "playchess.com"]
[Source "ChessBase"]
[SourceQuality "1"]
[WhiteTeam "Denmark"]
[BlackTeam "Slovakia"]
[WhiteTeamCountry "DEN"]
[BlackTeamCountry "SVK"]
[TimeControl "40/5400+30:1800+30"]

1. e4 Nc6 2. Nf3 d6 3. d4 Nf6 4. Nc3 g6 5. Be3 Bg7 6. Qd2 Bg4 7. h4 Bxf3 8.
gxf3 e5 9. dxe5 dxe5 10. O-O-O Qxd2+ 11. Rxd2 a6 12. Bc4 Nd4 13. f4 Ng4 14. Nd5
O-O-O 15. c3 Nxe3 16. fxe3 Ne6 17. h5 exf4 18. exf4 Bh6 19. hxg6 hxg6 20. Rdh2
Bg7 21. f5 Rxh2 22. Rxh2 gxf5 23. exf5 Ng5 24. f6 Bf8 25. Rh5 c6 26. Ne3 Bd6
27. Rxg5 Bf4 28. Rg7 Bxe3+ 29. Kc2 Rd6 30. Rxf7 Bh6 31. Bd3 Kb8 32. Bf5 c5 33.
Be4 c4 34. a4 Re6 35. Rxb7+ Kc8 36. Bf5 Kxb7 37. Bxe6 Kb6 38. Bxc4 a5 39. Kd3
Kc5 40. f7 Bf8 41. Ba2 Bg7 42. Bb3 Bf8 43. Ke4 Kd6 44. Kf5 Bg7 45. Kg6 Bf8 46.
Kh7 Ke7 47. Kg8 Bh6 48. Bc4 Bf8 49. b4 axb4 50. cxb4 1-0

[Event "23rd ETCC Open 2021"]
[Site "Catez"]
[Date "2021.11.14"]
[Round "3.44"]
[White "Sahidi, Samir"]
[Black "Hansen, Sune Berg"]
[Result "1-0"]
[WhiteElo "2432"]
[BlackElo "2543"]
[Annotator "ChessBase"]
[PlyCount "103"]
[EventDate "2021.11.08"]
[EventType "team-tourn"]
[EventCountry "SLO"]
[SourceTitle "playchess.com"]
[Source "ChessBase"]
[SourceQuality "1"]
[WhiteTeam "Slovakia"]
[BlackTeam "Denmark"]
[WhiteTeamCountry "SVK"]
[BlackTeamCountry "DEN"]
[TimeControl "40/5400+30:1800+30"]

1. e4 e5 2. Nf3 Nc6 3. Bb5 a6 4. Ba4 Nf6 5. d3 b5 6. Bb3 Bc5 7. O-O d6 8. c3 h6
9. Re1 O-O 10. Nbd2 Bb6 11. Nf1 Ne7 12. h3 Ng6 13. Ng3 Re8 14. a4 Rb8 15. a5
Ba7 16. d4 c5 17. Be3 Qc7 18. Bc2 Bd7 19. Qd2 Kh7 20. b4 cxd4 21. cxd4 Qb7 22.
Nf5 Bxf5 23. exf5 Ne7 24. dxe5 Bxe3 25. Rxe3 dxe5 26. Nxe5 Rbd8 27. Nd3 Kg8 28.
Rae1 Qc7 29. Qc1 Nxf5 30. Rxe8+ Nxe8 31. Nc5 Nd4 32. Bd3 Qc6 33. Be4 Qf6 34.
Qe3 Nd6 35. Bd3 g6 36. Qxh6 Nc6 37. Nxa6 Qc3 38. Qc1 Qxd3 39. Qxc6 Rc8 40. Qb6
Nf5 41. Qb7 Rd8 42. Qe4 Qc3 43. Nc5 Nd6 44. Qb1 Nc4 45. Ne4 Qd4 46. Qa1 Nb2 47.
Rb1 Na4 48. Qxd4 Rxd4 49. Nc5 Nc3 50. Ra1 Rd8 51. Ra3 Nb1 52. Rd3 1-0